| 000 | 00492nam a22001697a 4500 | ||
|---|---|---|---|
| 003 | PILC | ||
| 005 | 20160113092100.0 | ||
| 008 | 130909t xxu||||| |||| 00| 0 eng d | ||
| 050 |
_aPZ 7 _b.H318 1988 |
||
| 082 |
_aFIC _bH24h 1988 |
||
| 100 |
_aHarrison, Harry _917477 |
||
| 245 |
_aYou can be the stainless stellrat : _cHarrison, Harry _ban interactive, role- playing game |
||
| 260 |
_aNew York _b: Ace Books, _cc1988. |
||
| 300 |
_a156 p. _c17 cm. |
||
| 942 |
_2lcc _cBK |
||
| 999 |
_c10725 _d10725 |
||